LEADER 00907nam a2200217 i 4500 001 000000026413 003 CaOOAMICUS 005 20260401161129.0 008 180830s1973 it d u000 u ita u 040 $aSeMil$bita 100 1 $aAmbruzzi, Lucio.$0(OLS)http://semarc/name/11831 245 10$aNuovo dizionario spagnolo-italiano e italiano-spagnolo /$cLucio Ambruzzi. 250 $a7. ed. accresciuta, aggiornata e corretta. 264 1$aTorino :$bParavia,$c1973. 300 $a2 v. ;$c24 cm. 650 4$aLingua spagnola - Dizionari, vocabolari, glossari, etc.$0(OLS)http://semarc/subject/59903 774 0 $t1: Spagnolo - Italiano.$g1$w()211594 774 0 $t2: Italiano - Spagnolo.$g2$w()211597 996 $6245$aNuovo dizionario spagnolo-italiano e italiano-spagnolo$9(OLS)http://semarc/title/35644 996 $6264$aTorino :$bParavia$9(OLS)http://semarc/publisher/30028